000
00319 a2200085 4500
020
_a
9788196788735
100
_a
Purandare B.
_9
112415
245
_a
शिवतेजाची शलाका: हिंदवी स्वराज्याचे पडसाद
260
_b
Bharatiya Vichar Sadhana Pune Prakashan
_c
2023
999
_c
365663
_d
365663